书目信息 |
| 题名: |
领导干部党性修养新论
|
|
| 作者: | 范香保 主编 | |
| 分册: | ||
| 出版信息: | 北京 人民出版社 2004 |
|
| 页数: | 286页 | |
| 开本: | 20cm | |
| 丛书名: | ||
| 单 册: | ||
| 中图分类: | D263.3 | |
| 科图分类: | ||
| 主题词: | 中国共产党 | |
| 电子资源: | ||
| ISBN: | 7-01-004171-7 | |
| 000 | 00569nam0 2200193 450 | |
| 001 | 0764103244 | |
| 005 | 20070721150923.31 | |
| 010 | @a7-01-004171-7@dCNY20.00 | |
| 100 | @a20070719d2004 km y0chiy0120 ea | |
| 101 | 0 | @achi |
| 102 | @aCN@b110000 | |
| 200 | 1 | @a领导干部党性修养新论@Aling dao gan bu dang xing xiu yang xin lun@f范香保主编@Ffan xiang bao zhu bian |
| 210 | @a北京@c人民出版社@d2004 | |
| 215 | @a286页@d20cm | |
| 606 | 0 | @a中国共产党 |
| 690 | @aD263.3@v3 | |
| 701 | 0 | @a范香保@Afan xiang bao@4主编 |
| 801 | 0 | @aCN@bPFT@c20070721 |
| 905 | @a10447@dD263.3@e199 | |
| 领导干部党性修养新论/范香保主编.-北京:人民出版社,2004 |
| 286页;20cm |
| ISBN 7-01-004171-7:CNY20.00 |
| ● |
| 相关链接 |
|
|
|
|
正题名:领导干部党性修养新论
索取号:D263.3/199
 
预约/预借
| 序号 | 登录号 | 条形码 | 馆藏地/架位号 | 状态 | 备注 |
| 1 | 0766248 | 207662484 | 第一样本阅览室/ [索取号:D263.3/199] | 在馆 |